000 00534nam a2200205 a 4500
001 BRCA_6335
005 20190320205422.0
008 120811s1942----nyu#######---#000-0#eng-#
041 _aeng
044 _anyu
050 4 _aPN6261
_b.F8
_c1942
100 1 _aFuller, Edmund
_d1914-
_915887
245 1 0 _aThesaurus of anecdotes
_cedited by Edmund Fuller.
260 _aNueva York
_bCrown Publishers
_cc1942
300 _axv, 489 p.
_c24 cm.
500 _aK68
650 1 4 _aAnécdotas
_vTesauro
_915888
902 _aGFM
942 _2lcc
_cB
999 _c6021
_d6021